00505nam a22001572 4500001001100000005001700011008004100028040001500069100002800084245007500112250001300187260007700200300001200277650005500289852000300344000000974420151217155843.0081125s xx 000 0 eng d aKABUcKABU1 aWest, H. W.@000016151114aThe Transformation of land tenure in Buganda since 1896 /cH. W. West. a1st ed. aCambridge, U. K. :bAfrican Studies Centre, Cambridge University,c1969. a102 p. 0aLand tenurexHistoryzBuganda, Uganda.@00001615121